01730 2200265 4500001002100000005001500021035002000036008004100056020001800097041000800115082001000123084001400133100006500147245009400212260003100306300003600337500002300373504001400396520091700410650003801327650002301365700002601388990002501414990002501439INLIS00000000000277720221018084904 a0010-0520002777221018 | | eng  a9780415425346 aeng a303.6 a303.6 GLO0 aGlobalization of Political Violence : Globalization's Shadow14aGlobalization of Political Violence : Globalization's Shadow /cEdited by Richard Devetak aLondon :bRoutledge,c2008 axv, 291p. :b: illus. ;c23 cm. aIndeks : p.282-291 ap.244-281 aThis book offers important new methodological and multidisciplinary insights into the study of globalization and political violence. It brings together studies from various disciplines in order to address the precise nature of relationship between globalization and political violence as it seeks to offer new theoretical and empirical understandings of the types of actors involved in political violence, either as perpetrators or victims. Examples of the studies include the changing character of state militaries and state-to-state conflict under globalization, the emergence of new wars fuelled by globalization, the role of state militaries in intervention, new forms of violence directed by states against refugees and anti-globalization protesters, the role of terrorist actors post 9/11, networks for the proliferation of weapons of mass destruction and the rise of private military firms amongst others. 4aGlobalization - Political aspects 4aPolitical Violence0 aChristopher W. Hughes a10582/MKRI-P/XI-2008 a10583/MKRI-P/XI-2008